000
00320nam a22001457a 4500
008
221202b ||||| |||| 00| 0 eng d
020
_a
9781635634297
041
_a
eng
080
_a
611
082
_a
611PAR
100
_a
10
101
_a
ANATO
245
_a
ANATOMY PHYSIOLOGY ESSENTIALS
_c
PARK T
942
_2
udc
_c
BK
999
_c
59070
_d
59070